A consumer's dictionary of cosmetic ingredients/ (Record no. 3362)

000 -LEADER
fixed length control field 00502nam a22001457a 4500
008 - FIXED-LENGTH DATA ELEMENTS--GENERAL INFORMATION
fixed length control field 150825b xxu||||| |||| 00| 0 eng d
020 ## - INTERNATIONAL STANDARD BOOK NUMBER
International Standard Book Number 0609803670
050 ## - LIBRARY OF CONGRESS CALL NUMBER
Classification number REF TP 983 .A55 W57 1999
100 ## - MAIN ENTRY--PERSONAL NAME
Personal name Winter,Ruth M.S.
245 ## - TITLE STATEMENT
Title A consumer's dictionary of cosmetic ingredients/
Statement of responsibility, etc. Ruth Winter, M.S.
250 ## - EDITION STATEMENT
Edition statement 5th ed.
260 ## - PUBLICATION, DISTRIBUTION, ETC. (IMPRINT)
Place of publication, distribution, etc. New York.
Name of publisher, distributor, etc. Three rivers press
Date of publication, distribution, etc. 1999
300 ## - PHYSICAL DESCRIPTION
Extent 472p. :
Dimensions 16 cm
500 ## - GENERAL NOTE
General note Includes bibliographical references
650 ## - SUBJECT ADDED ENTRY--TOPICAL TERM
Topical term or geographic name as entry element cosmetic ingredients
942 ## - ADDED ENTRY ELEMENTS (KOHA)
Source of classification or shelving scheme
Koha item type Reference Material
Classification part REF TP 983 .A55 W57 1999
Holdings
Withdrawn status Lost status Source of classification or shelving scheme Damaged status Not for loan Home library Current library Shelving location Date acquired Source of acquisition Total Checkouts Full call number Barcode Date last seen Price effective from Koha item type
          MACHAKOS UNIVERSITY LIBRARY MACHAKOS UNIVERSITY LIBRARY Reference 25/08/2015 Donation (BFA)   REF TP 983 .A55 W57 1999 8614 04/06/2019 25/08/2015 Reference Material
© Machakos University Library, Along The Highway, Machakos Wote Rd, Machakos, Kenya P.O. Box 136 - 90100 Machakos - Kenya

Tel: ( +254 ) 723 805829 OR Fax : 044-20353 OR Email: library@mksu.ac.ke